| 000 | 01477cam a2200349 a 4500 | ||
|---|---|---|---|
| 001 | 1021586 | ||
| 003 | OSt | ||
| 005 | 20230620133111.0 | ||
| 008 | 881109s1990 alu b s001 0 eng | ||
| 010 | _a 88029605 | ||
| 020 | _a0817304398 | ||
| 040 |
_aDLC _cDLC _dDLC _e19 |
||
| 043 | _an-usu-- | ||
| 082 | 0 | 0 |
_a320.97 _bSTE |
| 245 | 0 | 4 |
_aThe Disappearing South? : _bstudies in regional change and continuity / _cedited by Robert P. Steed, Laurence W. Moreland, Tod A. Baker. |
| 260 |
_aTuscaloosa : _bUniversity of Alabama Press, _cc1990. |
||
| 300 |
_axii, 224 p. ; _c24 cm. |
||
| 500 | _aDeveloped from the fifth Citadel Symposium on Southern Politics, held at the Citadel, March 6-7, 1986, Charleston, S.C. | ||
| 504 | _aIncludes bibliographical references (p. 204-215) and index. | ||
| 650 | 0 |
_aRegionalism _zSouthern States. |
|
| 650 | 0 |
_aPolitical culture _zSouthern States. |
|
| 651 | 0 |
_aSouthern States _xPolitics and government _y1951- |
|
| 700 | 1 | _aSteed, Robert P. | |
| 700 | 1 | _aMoreland, Laurence W. | |
| 700 | 1 | _aBaker, Tod A. | |
| 711 | 2 |
_aCitadel Symposium on Southern Politics _n(5th : _d1986 : _cCharleston, S.C.) |
|
| 856 | 4 | 2 |
_3Contributor biographical information _uhttp://www.loc.gov/catdir/enhancements/fy1111/88029605-b.html |
| 856 | 4 | 2 |
_3Publisher description _uhttp://www.loc.gov/catdir/enhancements/fy1111/88029605-d.html |
| 906 |
_a7 _bcbc _corignew _d1 _eocip _f19 _gy-gencatlg |
||
| 942 |
_2ddc _cBK |
||
| 999 |
_c1730 _d1730 |
||